Fr. Conceicao Rodrigues College of Engineering

Photoshop 4 Complete (Record no. 17879)

MARC details
000 -LEADER
fixed length control field 00304nam a2200145Ia 4500
100 ## - MAIN ENTRY--PERSONAL NAME
Personal name Binder/kate
245 ## - TITLE STATEMENT
Title Photoshop 4 Complete
260 ## - PUBLICATION, DISTRIBUTION, ETC.
Name of publisher, distributor, etc. Techmedia
Place of publication, distribution, etc. NewDelhi
300 ## - PHYSICAL DESCRIPTION
Extent 1054
546 ## - LANGUAGE NOTE
Language note ENGLISH
650 ## - SUBJECT ADDED ENTRY--TOPICAL TERM
Topical term or geographic name entry element Automobiles
654 ## - SUBJECT ADDED ENTRY--FACETED TOPICAL TERMS
Focus term Photoshop 4 Complete
942 ## - ADDED ENTRY ELEMENTS (KOHA)
Koha item type BOOK
Holdings
Withdrawn status Lost status Damaged status Not for loan Collection Home library Current library Date acquired Total Checkouts Full call number Barcode Date last seen Price effective from Koha item type
        ITI Fr. Agnel's C.Rodrigues College of Engineering Fr. Agnel's C.Rodrigues College of Engineering 17/03/2023   ITI448 17/03/2023 17/03/2023 BOOK